| 000 | 01509cam a22002177a 4500 | ||
|---|---|---|---|
| 020 | _a9251052174 | ||
| 040 | _cFQG | ||
| 082 | 0 | 0 | _a631 FOO 2004 A091 Or. |
| 245 | 1 | 0 |
_aSeed multiplication by resource-limited farmers : _bproceedings of the Latin American Workshop, Goiâna, Brazil, 7-11 April 2003. |
| 260 |
_aRome : _bFood and Agriculture Organization of the United Nations, _c2004. |
||
| 300 |
_axii, 86 p. : _bcol. ill., col. map ; _c30 cm. |
||
| 490 | 1 | _aFAO plant production and protection paper, | |
| 500 | _a"TC/M/Y5706E/1/11.04/1350"--P. [4] of cover. | ||
| 520 | _aFAO, through its Seed and Plant Genetics Resources Service, is conducting a series of workshops to generate ideas, develop methodologies and facilitate initiatives aimed at strengthening on-farm seed multiplication (the informal seed system), thereby addressing the seed security needs of smallholder farmers. The informal seed system in Latin America receives inadequate attention from policy-makers. FAO organized the Latin American Workshop on Seed Multiplication by Resource-limited Farmers to identify the major constraints facing on-farm seed production and the groups of resource-limited farmers to be targeted, and to propose solutions for increasing the availability of good quality seed to small-holder farmers. | ||
| 650 | 0 | _aSeed technology | |
| 650 | 0 | _aFarms, Small | |
| 650 | 0 | _aSeed supply | |
| 650 | 0 | _aInternational relief | |
| 710 | 2 | _aFood and Agriculture Organization of the United Nations. | |
| 942 | _cEK | ||
| 999 |
_c15607 _d15607 |
||